| 000 | 00355 a2200157 4500 | ||
|---|---|---|---|
| 001 | 175178 | ||
| 020 | _a | ||
| 040 | _cMagnum | ||
| 240 | 1 | 0 |
_aArte construtiva no Brasil _lpor |
| 245 | 1 | 0 | _aArte construtiva no Brasil |
| 300 | _a85 | ||
| 362 | 0 | _a1998 | |
| 440 | 1 | _aMelhoramentos | |
| 697 | _aGALERIAS, MUSEUS, COLEÇÕES PARTICULARES | ||
| 942 | _cBK | ||
| 999 |
_c175178 _d175178 |
||